000 00304nam a22001457a 4500
008 210514b ||||| |||| 00| 0 eng d
020 _a2901111726200
041 _aeng
080 _a2
082 _a2
100 _a24
101 _aTEO
245 _aWorld RELG
_cRobert E.V. Voorst
942 _2udc
_cBK
999 _c57339
_d57339